000 01096nam a22002297a 4500
005 20091028134454.0
008 091028t xxu||||| |||| 00| 0 hin d
010 _aHIN-88086
020 _a9789380491056
_c250.00
035 _aHN-60432
037 _aDBAD / PUB
040 _aDPL
_bHN
082 _a510
100 _aगुप्ता, सतीश
245 _aविभिन्न प्रतियोगी परीक्षा हेतुः
_bगणित /
_cसतीश गुप्ता
260 _aजयपुर
_bयश प्रकाशन
_c2009-10
270 _aचौड़ा रास्ता
_bजयपुर
_e302003
300 _a147पृ
_c24सेमी (अजिल्द)
500 _aवर्णनात्मक मैटर तथा वस्तुनिष्ठ प्रश्न उत्तर
942 _2ddc
_cHN
_h510
_mगुप्तास
999 _c31097
_d31097